| 000 | 00660nam a22001937a 4500 | ||
|---|---|---|---|
| 005 | 20251108164724.0 | ||
| 008 | 250721s2005 xx 000 0 ara d | ||
| 082 | 1 | 4 | _aم/331.021/دائ |
| 245 | 1 | 0 | _aمسح العمالة و البطالة (الجولة الأولى) شباط 2005 / |
| 246 | 1 | 1 | _aEmployment and Unemployment Survey )first Round( February 2005 : Principal Report |
| 264 | 1 |
_aعمان : _bدائرة الإحصاءات العامة، _c2005. |
|
| 300 | _a[142]ص. | ||
| 650 | 1 | 7 | _aالاحصااات |
| 650 | 1 | 7 | _aالاردن |
| 650 | 1 | 7 | _aالعمل و العمال |
| 650 | 1 | 7 | _aالبطاله |
| 942 |
_2ddc _cREF |
||
| 999 |
_c12724 _d12724 |
||